000 00529nam a22001817a 4500
008 131011b xxu||||| |||| 00| 0 ger d
041 0 _ager
080 _a164
100 1 _aKamlah, Wilhelm.
245 1 0 _aLogische Propädeutik /
_cWilhelm Kamlah
260 _aManheim
_bBibliographisches Institut ;
_c1967
300 _a242 f. :
_c19 cm.
500 _aVorwort f. : [5] - 7
650 0 _aLogjika
650 0 _aLogjika simbolike dhe matematike
700 1 _aLorenzen, Paul
942 _2udc
_cBK
999 _c101
_d101